Pedagogika volného času : [teorie, praxe a perspektivy výchovy mimo vyučování a zařízení volného času] / J. Pávková ... [et al.]
Record details
- ISBN: 80-7178-711-6
- Physical Description: 231 s. ; 23 cm
- Edition: 3., aktualiz. vyd.
- Publisher: Praha : Portál, 2002
Content descriptions
| General Note: | Na hřbetě uvedeno: Jiřina Pávková a kol. |
| Bibliography, etc. Note: | Obsahuje bibliografii |
Search for related items by subject
| Subject: | pedagogika volného času leisure education |
| Genre: | učebnice textbooks |
Available copies
- 2 of 2 copies available at Common Catalog SPOK.
Holds
- 0 current holds with 2 total copies.
Show Only Available Copies
| Location | Call Number / Copy Notes | Barcode | Shelving Location | Status | Due Date |
|---|---|---|---|---|---|
| Varianty | Cho Pe | 4605401235 | Šafaříkova 17 - 5. patro, chodba | Available | - |
| Varianty | Cho Pe | 4605401237 | Šafaříkova 17 - 5. patro, chodba | Available | - |
| LDR | 01191nam a2200337 a 4500 | ||
|---|---|---|---|
| 001 | 31852 | ||
| 003 | CZ-PrJAB | ||
| 005 | 20190519124723.0 | ||
| 007 | tu | ||
| 008 | 021022s2002 xr d p 001 0 cze | ||
| 015 | . | ‡acnb001190007 | |
| 020 | . | ‡a80-7178-711-6 ‡q(brož.) : ‡cKč 299,00 | |
| 035 | . | ‡a(CZ PrNK)cpk20021190007 | |
| 035 | . | ‡a(OCoLC)53273300 | |
| 040 | . | ‡aABA001 ‡bcze | |
| 072 | 7. | ‡a374 ‡xVýchova a vzdělávání dospělých. Mimoškolní výchova a vzdělávání ‡2Konspekt ‡922 | |
| 080 | . | ‡a379.8 ‡2MRF | |
| 080 | . | ‡a(075) ‡2MRF | |
| 245 | 0 | 0. | ‡aPedagogika volného času : ‡b[teorie, praxe a perspektivy výchovy mimo vyučování a zařízení volného času] / ‡cJ. Pávková ... [et al.] |
| 250 | . | ‡a3., aktualiz. vyd. | |
| 260 | . | ‡aPraha : ‡bPortál, ‡c2002 | |
| 300 | . | ‡a231 s. ; ‡c23 cm | |
| 500 | . | ‡aNa hřbetě uvedeno: Jiřina Pávková a kol. | |
| 504 | . | ‡aObsahuje bibliografii | |
| 650 | 0 | 7. | ‡apedagogika volného času ‡7ph115704 ‡2czenas |
| 650 | 0 | 9. | ‡aleisure education ‡2eczenas |
| 655 | 7. | ‡aučebnice ‡7fd133770 ‡2czenas | |
| 655 | 9. | ‡atextbooks ‡2eczenas | |
| 700 | 1 | . | ‡aPávková, Jiřina ‡7mzk2002160605 ‡4aut |
| 910 | . | ‡aABH006 | |
| 901 | . | ‡a31852 ‡b ‡c31852 ‡tbiblio | |